One Direction 2013 quiz - Statistics

General Stats
  • This quiz has been taken 1,103 times
  • The average score is 10 of 15
Answer Stats
Hint Answer % Correct
who plays marcel in best song ever? harry
95%
who twerked at the TCAs 2013? harry
95%
who did Taylor Swift call out at the 2013 VMAs? harry
95%
what sport did louis play for charity? soccer
91%
who is zayn engaged to? Perrie Edwards
89%
whos birthday was on friday the 13th? niall
88%
what will their new album be called? midnight memories
86%
what was their 2013 movie called? this is us
80%
what was their 2013 tour called? Take me Home
72%
what is their new fragrance called? our moment
66%
who was their opening act? 5sos
55%
what song did they sing at the TCAs 2013? best song ever
38%
who is liams new 2013 girlfriend? sophia smith
20%
who did liam save in a fire? andy
15%
what award did they win at the VMAs 2013? song of the summer
4%
No matching quizzes found
Score Distribution
Percent of People with Each Score
Percentile by Number Answered
Your Score History
You have not taken this quiz